000
00331nam a2200145Ia 4500
005
20251222152646.0
008
251222s9999||||xx |||||||||||||| ||spa||
020
_a
8470397710
082
_a
863.5/S42
100
_a
Serra, Narcisco
245
0
_a
La Calle de la Montera
250
_a
1ra. ed.
264
_b
Castilla
942
_c
LIB
999
_c
28263
_d
28263